000 00619nam a2200229Ia 4500
003 OSt
005 20221007081047.0
006 a|||||r|||| 00| 0
007 ta
008 221006b |||||||| |||| 00| 0 eng d
024 _a17,947
037 _cTextual
040 _aFLL
_cFLL
_beng
041 _2eng
_aeng
082 _aY15.73.N5, K3
100 _aGordon Milton M.
_9152018
245 0 _aSocial class in American sociology
260 _aNew York
_bMcGraw-Hill Book Co. USA
_c1963
300 _a280p
_ccm.
942 _hY15.73.N5, K3
_cTEXL
_2CC
999 _c1161839
_d1161839